000 00904nam a22002777a 4500
003 SISC
005 20160303145622.0
008 130725t xxu||||| |||| 00| 0 eng d
020 _a9780860683759
050 _aPS 3545
_b.W464 1999
082 _aCLA W46o
_b1999
100 _aWelty, Eudora
_93749
245 _aThe optimist's daughter /
_cEudora Welty ; with an introduction by Helen McNeil.
260 _aLondon :
_bVirago Press Limited,
_cc1984 (1999 prntng.)
300 _axi, 180 p. :
_c20 cm.
562 _e1
650 _aInternational Baccalaureate. .
_9127
650 _aWomen
_xMississipi
_xFiction.
_93750
650 _aFuneral rites and ceremonies
_xFiction.
_93751
650 _aFathers
_xDeath
_xFiction.
_93752
650 _aReunions
_xFiction.
_93753
650 _aReminiscing
_xFiction.
_93754
650 _aAmerican fiction
_93433
942 _2lcc
_cBK
999 _c7744
_d7744